|
|
|
|
| LEADER |
00992nam a2200289 a 4500 |
| 001 |
13418 |
| 003 |
BD-DhAAL |
| 008 |
111124r20042002ii a 000 0 eng |
| 999 |
|
|
|c 11481
|d 11481
|
| 010 |
|
|
|a 97906397
|
| 020 |
|
|
|a 8174462899
|
| 020 |
|
|
|a 8174460772
|
| 040 |
|
|
|a DLC
|c DLC
|d BD-DhAAL
|
| 042 |
|
|
|a lcode
|
| 082 |
0 |
0 |
|a 338.50954
|2 22
|
| 100 |
0 |
|
|a Atmanand,
|d 1959-
|9 40142
|
| 245 |
1 |
0 |
|a Managerial economics /
|c Atmanand.
|
| 250 |
|
|
|a First edition
|
| 260 |
|
|
|a New Delhi :
|b Excel Books,
|c c2002 [reprinted 2004].
|
| 300 |
|
|
|a 268 pages :
|b illustrations ;
|c 25 cm.
|
| 520 |
|
|
|a Textbook for students studying management.
|
| 541 |
|
|
|e 13418
|
| 650 |
|
0 |
|a Managerial economics
|z India.
|9 40143
|
| 650 |
|
0 |
|a Decision making
|z India.
|9 40144
|
| 852 |
1 |
|
|a Ayesha Abed Library
|c General Stacks
|
| 942 |
|
|
|2 ddc
|c BK
|
| 952 |
|
|
|0 0
|1 0
|2 ddc
|4 0
|6 338_500000000000000_ATM
|7 0
|9 18667
|a BRACUL
|b BRACUL
|c GEN
|d 2011-11-23
|g 480.00
|l 4
|m 34
|o 338.5 ATM
|p 3010013418
|r 2020-01-07
|s 2019-09-28
|t 1
|w 2011-11-23
|y BK
|